México en la globalización : condiciones y requisitos de un desarrollo sustentable y equitativo. Informe de la sección mexicana del club de Roma.

Furkejuvvon:
Bibliográfalaš dieđut
Váldodahkki: Urquidi, Victor L. coord, (autor)
Materiálatiipa: Girji
Giella:espánnjágiella
Fáttát:
Fáddágilkorat: Lasit fáddágilkoriid
Eai fáddágilkorat, Lasit vuosttaš fáddágilkora!

MARC

LEADER 00000cam^a2200000uu^4500
001 000493127
005 20250521000000.0
008 032605s1996^^^^^^^^^^^^rd^r^^000^0^spa^d
009 20260310125457.169
022 |a 9681650840 
035 |a FCE 000036500 
035 |a FCE 036545 
037 |a Acervo ITESO - Biblioteca 
041 |a spa 
082 0 4 |a 338.91  |b URQm 
100 |a Urquidi, Victor L.,  |e coord  |e (autor) 
245 1 0 |a México en la globalización :  |b condiciones y requisitos de un desarrollo sustentable y equitativo. Informe de la sección mexicana del club de Roma. 
264 |a México :  |b FCE,  |c 1996. 
300 |a 223 p. 
336 |a texto  |b txt  |2 rdacontenido 
337 |a sin mediación  |b n  |2 rdamedio 
338 |a volumen  |b nc  |2 rdasoporte 
649 |a XX 
650 |a Desarrollo económico 
650 |a Desarrollo social 
650 |a Medio ambiente 
650 |a Desarrollo político 
650 |a Informe 
650 |a Globalización 
650 |a Desarrollo educativo 
650 |a México 
910 |a Fondo Centro de Estudios Educativos 
920 |a Impresos - Libros 
930 |a Fondos Especiales 
905 |a 133 
901 |a ALE036545  |b IT2  |c CEE  |u 20250521 
902 |a https://opac.biblio.iteso.mx/vufind/Record/000493127